Civilizacões primitivas (Record no. 45504)

MARC details
000 -Etiqueta do registo
Valores 00578cam a2200193 4500
100 ## - Dados gerais de processamento
Dados gerais 19990108d1943 m y0pory50030103ba
101 0# - Língua de publicação
Língua por
102 ## - País de publicação
País PT
200 1# - Titulo e menção de responsabilidade
Título próprio Civilizacões primitivas
Primeira menção de responsabilidade Flausino Torres
210 #9 - Publicação
Local de publicação Lisboa
Nome do editor Edições Cosmos,
Data de publicação imp. 1943
215 ## - Descrição física 
Paginação / Volumes 171, [4] p., [8] p.
Outras indicações físicas il
Dimensões 19 cm
225 2# - Colecção 
Título próprio da colecção Biblioteca Cosmos
Indicação de volume 46-47.
Número de parte ou secção 4.ª seccão,
Nome de parte ou secção Povos e Civilizacões
Indicação de volume 3-4
317 ## - Nota de proveniência
Texto da nota Doa—cão de Ana Rita Palmeirim
675 ## - CDU
Notação 903'1
Edição BN
Língua por
700 #1 - Autor principal
Apelido Torres,
Nome Flausino,
Datas 1906-1974
801 #0 - Fonte de origem
País PT
Agência BN
Regras de catalogação RPC
990 ## - Elementos KOHA
Tipo de documento Livro
Holdings
Aquisição Empréstimo Código de barras Cota Permissão de empréstimo Tipo de documento Nota relativa ao exemplar
Biblioteca Municipal de Redondo Biblioteca Municipal de Redondo 056210 903'1 TOR Consulta presencial Livro oferta de Vergílio Ambrósio

Powered by Koha